000 01204cam a2200313 a 4500
001 000012438
005 20200929163025.0
008 920107s1988 sp b s000 0 spa
020 _a8445100165
035 _a(DLC) 92101753
040 _aDO-SdBNP
_cDLC
_dBNPHU
082 _a016.370946
_bB582
245 0 0 _aBibliografía pedagógica /
_cPilar Alonso Rodríguez ... [et al.].
260 _a[Madrid] :
_bComunidad de Madrid :
_bConsejería de Cultura :
_bDirección General de Patrimonio Cultural,
_c1988.
300 _a239 p. ;
_c21 cm.
490 1 _aBibliotecas
_v1
500 _a"Biblioteca IBERDIDAC, una iniciativa de seleccion bibliografica para educadores y padres."
650 4 _aBibliografías
_zEspaña
_xEducación
_929138
650 4 _aEnseñanza
_xBibliografías
_929139
700 1 _aAlonso Rodríguez, Pilar.
_929140
700 1 _aCalle Cabrero, Ángel Luis.
_929141
700 1 _aCarrillo Borroso, Flor.
_929142
700 1 _aFdez de Áviles Delgado, María Asunción.
_929143
700 1 _aMediavilla Herreros, María Luisa.
_929144
700 1 _aNavarro Álvarez, Marina.
_929145
830 0 _aBibliotecas ;
_v1
_929146
910 _aCatalogación por copia / LC
049 _aBNGR
999 _c12095
_d12095